000 01642nam0a22004091 4500
001 v19\rc\1568780
005 20250618204322.0
035 _a(NLR Aleph) 004698575
090 _a4035052
_c4035052
100 _a20061002e18921892|||y0rusy50 ca
101 0 _arus
102 _aRU
105 _ay z |||||
200 1 _aО черниговских князьях по Любецкому синодику и о Черниговском княжестве в татарское время
_eИсслед. Р.Вл. Зотова
210 _aСанкт-Петербург
_cАрхеогр. комис.
_d1892
215 _a[2], II, [2], 328, 48 с.
_d23
311 _aОтд. отт. из 9 вып. "Летописи занятий Археогр. комис."
316 _aЭкз. РНБ (52/904): с автогр. авт.
_5NLR: 52/904
320 _aБиблиогр.: с. 3-6
488 0 _12001#$aЛетопись занятий Археографической комиссии$vВып. 9
_tЛетопись занятий Археографической комиссии
700 1 _aЗотов
_bР.В.
_f1848-1893
_gРафаил Владимирович
801 0 _aRU
_bNLR
_gpsbo
801 0 _aRU
_bRuMoRGB
_2psbo
801 1 _aRU
_bProSoft-M
_2rusmarc
852 _aNLR
_j18.318.3.21
852 _aNLR
_j52/904
852 _aNLR
_bМф
_jК1/29341
899 _aRuMoRGB
_jA 199/467
899 _aRuMoRGB
_jB 38/256
899 _aRuMoRGB
_jU 192/657
899 _aБАН
899 _aНБ СПбГУ
899 _aГПИБ
899 _aНБ МГУ
942 _cBOOK
980 _aNB
980 _aGENEAL01